| LEADER 00000nam 2200000uu 4500 |
| 001 208468 |
| 003 ULIBM |
| 008 121104s2553||||th 000 0 tha d |
| 020 ^a9786167460406
|
| 040 ^abcnkk
|
| 041 0 ^atha
|
| 050 4 ^aWB433 ม319ส 2553
|
| 100 0 ^aมัชฌิมา
|
| 245 10 ^aสู้โรคเรื้อรังด้วยพลังน้ำผักผลไม้ :^bมะเร็ง เบาหวาน หัวใจความดัน /^cเรียบเรียง: มัชฌิมา
|
| 250 ^aพิมพ์ครั้งที่ 1
|
| 260 ^aกรุงเทพฯ :^bบีเวลล์ สปีเชียล,^c2553
|
| 300 ^a127 หน้า :^bภาพประกอบ
|
| 650 4 ^aน้ำผัก^xแง่สุขภาพ
|
| 650 4 ^aน้ำผลไม้^xแง่สุขภาพ
|
| 650 4 ^aเครื่องดื่มสมุนไพร
|
| 700 0 ^aมยุรี ดำรงค์เชื้อ,^eบรรณาธิการ
|
| 999 ^aใช้งานได้ทุกระบบ
|